00678cam a22002173a 45000010005000000030006000050050017000110080041000280400015000690420007000840500007000911000066000982450089001642600029002535060030002825160020003126530026003326530033003588300028003918560041004199914PGUSA20140828083217.0060201s2006||||xxu|||||s|||||000 | eng d aPGUSAbeng adc 4aBL1 aBudge, E. A. Wallis,cSirq(Ernest Alfred Wallis),d1857-193414aThe Babylonian Legends of the Creationh[electronic resource] /cE. A. Wallis, Budge bProject Gutenberg,c2006 aPublic domain in the USA. aElectronic text aCosmogony, Babylonian aAssyro-Babylonian literature 0aProject Gutenbergv991440uhttp://www.gutenberg.org/ebooks/9914